| 000 | 00519nam a22001937a 4500 | ||
|---|---|---|---|
| 003 | Ost | ||
| 005 | 20140310182213.0 | ||
| 008 | 130906t xxu||||| |||| 00| 0 eng d | ||
| 020 | _a9781875630257 | ||
| 050 |
_aZ 46 _b.M346 [ca.1990] |
||
| 082 |
_aHS 745.6 _bM342 |
||
| 100 |
_aMarks, Anne _916867 |
||
| 245 |
_aCaligraphy : _c Anne Marks. |
||
| 260 |
_aAustralia : _bLamont Publishing. _c[ca.1990] |
||
| 300 |
_a32 p. : _bill. ; _c25 cm. |
||
| 541 | _j1 | ||
| 650 |
_aCaligraphy _916868 |
||
| 942 |
_2lcc _cHS |
||
| 999 |
_c10521 _d10521 |
||